| 000 | 00607cam a22002291 4500 | ||
|---|---|---|---|
| 001 | sa 63004245 | ||
| 003 | DLC | ||
| 005 | 20260227111947.0 | ||
| 008 | 890626s1963 ii a b 000 0 hino | ||
| 010 | _asa 63004245 | ||
| 035 | _a(OCoLC)19926110 | ||
| 040 |
_aDLC _cWaU _dDLC |
||
| 042 | _apremarc | ||
| 050 | 0 | 0 |
_aLB1051 _b.R375 |
| 100 | 1 | _aRāya, Vinaya Kumāra. | |
| 245 | 1 | 0 | _aŚikshā manovijñāna aura sāṅkhyikī. |
| 260 | _c[1963] | ||
| 300 |
_a2, xv, 530 p. _bdiagrs., tables. _c23 cm. |
||
| 500 | _aIn Hindi. | ||
| 504 | _aIncludes bibliographies. | ||
| 650 | 0 | _aEducational psychology. | |
| 999 |
_c55549 _d55549 |
||